Normal view
MARC view
- Hill, JR. F.S
Entry Personal Name
001 - CONTROL NUMBER
- control field: 113980
003 - CONTROL NUMBER IDENTIFIER
- control field: NUST
005 - DATE AND TIME OF LATEST TRANSACTION
- control field: 20230804184615.0
008 - FIXED-LENGTH DATA ELEMENTS
- fixed length control field: 230804|| aca||aabn | a|a d
040 ## - CATALOGING SOURCE
- Original cataloging agency: NUST
- Transcribing agency: NUST
100 ## - HEADING--PERSONAL NAME
- Personal name: Hill, JR. F.S
670 ## - SOURCE DATA FOUND
- Source citation: Work cat.: (NUST): Hill, JR. F.S, Computer "Graphics , 2001
